000 00974nam a22002897a 4500
001 9630
003 FISKH
005 20260126161530.0
008 260126b cb ||||| |||| 00| 0 eng d
020 _a9780812992182
040 _aFISKH
_beng
_cFISKH
_dFISKH
050 _aG151 .P69
082 _a910
100 _aPotts , Rolf
245 _aVagabonding :
_bAn uncommon guide to the art of long-term world travel /
_cBy Rolf Potts : Foreword by Tim Ferriss
260 _aNew York :
_bBallantine Books ,
_c2002.
300 _a211 pages :
_billustrations ;
_c20 cm .
505 _aZ
520 _a"Shows how anyone armed with an independent spirit can achieve the dream of extended overseas travel"--Page 4 of cover.
521 8 _a1050
_bLexile
521 8 _aZ
_bRaz-Plus
650 _aTravel writing
_vNon-fiction
650 _aVagabond
_vNon-fiction
700 _aAbbate , Judith Stagnitto
_eBook designer
942 _2ddc
_cBK
_n0
999 _c9630
_d9630